000
00267nam a22001097a 4500
008
160512b xxu||||| |||| 00| 0 eng d
020
_a
9780982499696
041
_a
eng
080
_a
61
245
_a
The mad mad mad world of climatism:
_c
Steve Goreham;
942
_2
udc
_c
BK
999
_c
2067
_d
2067